Imperios del mundo atlántico: España y Gran Bretaña en América (1492-1830)
Збережено в:
| Автор: | |
|---|---|
| Формат: | Книга |
| Мова: | Іспанська |
| Опубліковано: |
Ciudad de México, México
Santillana Ediciones Generales
2009
|
| Предмети: | |
| Теги: |
Додати тег
Немає тегів, Будьте першим, хто поставить тег для цього запису!
|
MARC
| LEADER | 00000cam a2200000 a 4500 | ||
|---|---|---|---|
| 001 | UCF0404 | ||
| 003 | CL-VaPUC | ||
| 005 | 20211020074531.0 | ||
| 008 | 120517e20090000MX |||||||||||||||||spa|d | ||
| 999 | |c 347734 |d 347732 | ||
| 020 | |a 9786071100825 | ||
| 040 | |c Pontificia Universidad Católica de Valparaíso | ||
| 082 | 0 | 4 | |a 940.2 ELL 2009 |2 21 |
| 100 | 0 | |a Elliott, John Huxtable |e author |9 562211 | |
| 245 | 1 | 0 | |a Imperios del mundo atlántico: |b España y Gran Bretaña en América (1492-1830) |
| 260 | |a Ciudad de México, México |b Santillana Ediciones Generales |c 2009 | ||
| 300 | |a 830 páginas | ||
| 583 | |a last modification |c 20121105 12:38:20 |k Rodrigo Vera | ||
| 650 | 7 | |a IMPERIO BRITANICO |2 CL-VaPUC |9 435477 |x COLONIZACION |z AMERICA | |
| 650 | 0 | |a Imperio español |x COLONIZACION |z AMERICA |9 445048 | |
| 650 | 7 | |a HISTORIA DE AMERICA |2 CL-VaPUC |9 317362 |y SIGLOS 15-19 |z INGLATERRA |z ESPAÑA | |
| 650 | 0 | |a Colonización |z AMERICA |z ESPAÑA |z INGLATERRA |9 265172 | |
| 852 | |a BIBCUR | ||
| 942 | |c BK |2 ddc | ||
| 945 | |d 20120517 00:00:00 |a cmena | ||
| 952 | |0 0 |1 0 |2 ddc |4 0 |6 940_200000000000000_ELL_2009 |7 0 |8 A |9 449260 |a BIBHIS |b BIBHIS |d 2019-11-22 |i 4866622 |o 940.2 ELL 2009 |p 4866622 |r 2025-01-20 |t 1 |w 2019-11-22 |y BK |k HIS | ||